00706nam a2200241 a 4500001001300000003000900013005001700022008004100039020001000080082001500090100002600105245004000131260003500171300000900206500003500215505001000250650003300260700002600293902000800319942000700327952011500334999001500449nice12345678IN_TiNIC20260116012135.0050524s1947 newa grp 000 0 eng  ac10000a268.4bWEL aWelker, Edith Frances aChildren the Heritage of the Church aNew YorkbAbingdon Pressc1947 a157p aincludes index and biblioraphy2 aIndex aReligious Education-Children1 aWelker, Edith Frances bRBA cBK 001040708RareBook->aHMIbHMId2007-07-16g100.00l0o268.4 WELp09377r2007-07-16v100.00w2005-05-24yBK c5795d5795